Anciennes capitales #3 - Statistiques

Statistiques générales
  • Ce quiz a été pris 21 fois
  • Le résultat moyen est 7 sur 20
Statistiques - réponses
Par images Hint Réponse % Correct
Canada (1844-1849) Montréal
84%
Allemagne (1949-1990) Bonn
79%
Pologne (1296-1795) Cracovie
74%
Guinée équatoriale (1968-2026) Malabo
58%
Chine (1928-1937) Nanjing
58%
Kazakhstan (1934-1998) Almaty
53%
Norvège (1217-1299) Bergen
53%
Burundi (1962-2018) Bujumbura
53%
Philippines (1948-1976) Quezon City
42%
Hongrie (1784-1873) Buda
26%
Albanie (1914-1920- Durrës
21%
Roumanie (1859-1862) Iași
21%
Finlande (1809-1812) Turku
21%
Lituanie (1922-1940) Vilnius
21%
Monténégro (1696-1918) Cetinje
16%
RD Congo (1964-1965) Kisangani
11%
Palaos (1994-2006) Koror
11%
Serbie (1818-1841) Kragujevac
0%
Bangladesh (1971-1972) Mujibnagar
0%
Colombie (1811-1814) Tunja
0%
Aucun quiz correspondant
Distribution des résultats
% des personnes avec chaque résultat
Percentile par nombre de réponses
Votre historique - résultats
Vous n’avez pas pris ce quiz